[Event "Natal Potiguar op"]
[Site "Natal"]
[Date "2013.07.07"]
[Round "5"]
[White "Barbosa, Antonio Atenilson"]
[Black "Francelli, Derli"]
[Result "1-0"]
[WhiteElo "1939"]
[BlackElo "1666"]
[PlyCount "85"]
[EventDate "2013.07.05"]
[EventType "swiss"]
[EventRounds "6"]
[EventCountry "BRA"]
[SourceTitle "EXT 2014"]
[Source "ChessBase"]
[SourceDate "2013.11.20"]
[SourceVersion "1"]
[SourceVersionDate "2013.11.20"]
[SourceQuality "1"]

1. e4 e5 2. Nf3 Nc6 3. Bc4 Nf6 4. d4 exd4 5. 0-0 d5 6. exd5 Nxd5 7. Nxd4 Nxd4 8. Qxd4 Be6 9. Re1 Nb6 10. Qxd8+ Rxd8 11. Bxe6 fxe6 12. Rxe6+ Be7 13. Nc3 Kf7 14. Rxe7+ Kxe7 15. Bg5+ Kf7 16. Bxd8 Rxd8 17. Rd1 Re8 18. Kf1 a6 19. Nd5 Rd8 20. Ne3 Re8 21. b3 c6 22. Nf5 Kg6 23. Ne3 Re7 24. Rd6+ Kf7 25. h3 g6 26. g3 Nd7 27. Nc4 Nc5 28. f3 Nd7 29. Rxd7 Rxd7 30. Ne5+ Ke7 31. Nxd7 Kxd7 32. Ke2 Ke6 33. Ke3 b6 34. Ke4 h6 35. f4 c5 36. g4 b5 37. h4 a5 38. c4 bxc4 39. bxc4 a4 40. a3 Kd6 41. f5 g5 42. h5 Kc6 43. Ke5 1-0

[Event "Natal Potiguar op"]
[Site "Natal"]
[Date "2012.06.07"]
[Round "2"]
[White "Barbosa, Antonio Atenilson"]
[Black "Oliveira Jr, Antonio Fernandes"]
[Result "1-0"]
[WhiteElo "1798"]
[BlackElo "1842"]
[PlyCount "63"]
[EventDate "2012.06.07"]
[EventType "swiss"]
[EventRounds "7"]
[EventCountry "BRA"]
[SourceTitle "CBM 148 Extra"]
[Source "ChessBase"]
[SourceDate "2012.06.22"]
[SourceVersion "1"]
[SourceVersionDate "2012.06.22"]
[SourceQuality "1"]

1. e4 c5 2. Nf3 Nc6 3. d4 cxd4 4. Nxd4 g6 5. Bc4 Bg7 6. Be3 Nf6 7. Nc3 0-0 8. Bb3 Na5 9. e5 Ne8 10. Bxf7+ Rxf7 11. Ne6 Qc7 12. Nxc7 Nxc7 13. Nd5 Bxe5 14. Bd4 Bd6 15. Ne3 Nc6 16. Bc3 b5 17. b3 Bb7 18. Ng4 Rf4 19. 0-0 h5 20. Ne3 Ne5 21. Qd2 Raf8 22. Rad1 Bc6 23. Bxe5 Bxe5 24. c4 bxc4 25. Nxc4 Bg7 26. Qd3 Kh7 27. Rde1 Bd4 28. Rxe7+ Kh6 29. Qd2 g5 30. Qd3 Bxg2 31. Ne5 Bxe5 32. Qh7# 1-0

[Event "Natal Potiguar op"]
[Site "Natal"]
[Date "2012.06.07"]
[Round "1"]
[White "Maia, Jose Simplicio"]
[Black "Barbosa, Antonio Atenilson"]
[Result "1-0"]
[WhiteElo "1989"]
[BlackElo "1798"]
[PlyCount "95"]
[EventDate "2012.06.07"]
[EventType "swiss"]
[EventRounds "7"]
[EventCountry "BRA"]
[SourceTitle "CBM 148 Extra"]
[Source "ChessBase"]
[SourceDate "2012.06.22"]
[SourceVersion "1"]
[SourceVersionDate "2012.06.22"]
[SourceQuality "1"]

1. e4 e5 2. Nf3 Nc6 3. Bb5 a6 4. Ba4 b5 5. Bb3 Nf6 6. Ng5 d5 7. exd5 Nxd5 8. Nxf7 Kxf7 9. Qf3+ Ke6 10. Nc3 Nce7 11. Ne4 h6 12. 0-0 Ng6 13. d4 Bb7 14. Qg4+ Kf7 15. Qf5+ Kg8 16. Qxg6 exd4 17. Bf4 c5 18. Bc7 Qe7 19. Bd6 Qf7 20. Qxf7+ Kxf7 21. Bxc5 Kg6 22. Bxf8 Rhxf8 23. Nc5 Bc6 24. Ne6 Rf6 25. Nxd4 Bb7 26. c3 Nf4 27. f3 Rd8 28. Rad1 Rfd6 29. Bc2+ Kf7 30. Rfe1 g5 31. g3 Nh3+ 32. Kg2 g4 33. Be4 Bc8 34. fxg4 Bxg4 35. Rf1+ Kg7 36. Rde1 Ng5 37. Bf5 Rxd4 38. cxd4 Bxf5 39. Rxf5 Rxd4 40. h4 Ne4 41. Re2 Nd6 42. Rf4 Rd5 43. Re7+ Kg6 44. g4 Nc4 45. Rfe4 Rd2+ 46. Kf3 Rd6 47. R4e6+ Rxe6 48. Rxe6+ 1-0